Understanding digital signal processing (Record no. 9852)

000 -LEADER
fixed length control field 00475 a2200157 4500
020 ## - INTERNATIONAL STANDARD BOOK NUMBER
International Standard Book Number 0131089897
040 ## - CATALOGING SOURCE
Original cataloging agency DLC
Language of cataloging DLC
082 00 - DEWEY DECIMAL CLASSIFICATION NUMBER
Classification number 621.3822
100 1# - MAIN ENTRY--PERSONAL NAME
Personal name Lyons, Richard G.,
245 10 - TITLE STATEMENT
Title Understanding digital signal processing
Statement of responsibility, etc. Richard G. Lyons.
250 ## - EDITION STATEMENT
Edition statement 2nd ed.
260 ## - PUBLICATION, DISTRIBUTION, ETC.
Place of publication, distribution, etc. Upper Saddle River, NJ :
Name of publisher, distributor, etc. Prentice Hall PIR,
Date of publication, distribution, etc. c2004.
300 ## - PHYSICAL DESCRIPTION
Extent xviii, 665 p. :
Other physical details ill. ;
Dimensions 24 cm.
650 #0 - SUBJECT ADDED ENTRY--TOPICAL TERM
Topical term or geographic name entry element Signal processing
General subdivision Digital techniques.
942 ## - ADDED ENTRY ELEMENTS (KOHA)
Koha item type Book
Call number prefix 621.3822 LYO
Source of classification or shelving scheme
Holdings
Withdrawn status Lost status Damaged status Not for loan Collection code Permanent Location Current Location Shelving location Date acquired Source of acquisition Cost, normal purchase price Total Checkouts Full call number Barcode Date last seen Date last checked out Price effective from Koha item type Total Renewals
          Central Library (CL) Central Library (CL) General Stacks 02/24/2005 A&J Def Tek Consultant 5123.61 2 621.3822 LYO SEECS005306 06/16/2023 11/24/2015 01/05/2017 Book  
          Central Library (CL) Central Library (CL) General Stacks 10/12/2004 Allied Book Company 292.50 5 621.3822 LYO SEECS004862 04/11/2016 02/01/2016 01/05/2017 Book 2
© 2023 Central Library, National University of Sciences and Technology. All Rights Reserved.